| 000 | 00540nam a22001697a 4500 | ||
|---|---|---|---|
| 003 | OSt | ||
| 005 | 20171010095519.0 | ||
| 008 | 120816t xxu||||| |||| 00| 0 eng d | ||
| 040 |
_aMMSU _cULS |
||
| 100 |
_aGarma, Fe J. _912189 |
||
| 245 |
_aReal property tax administration in Laoag City _cFe J. Garma |
||
| 260 | _c2004 | ||
| 300 |
_axii, 130 leaves _c28 cm. |
||
| 500 | _aThesis (MA Public Administration) -- Mariano Marcos State University-Graduate School, Laoag City | ||
| 504 | _aBibliography: leaves 77-80 | ||
| 942 |
_2ddc _cTHEDIS |
||
| 999 |
_c9758 _d9758 |
||